| 000 | 00485nam a2200169Ia 4500 | ||
|---|---|---|---|
| 008 | 230917s9999||||xx |||||||||||||| ||und|| | ||
| 020 | _cRS950 | ||
| 040 |
_e241232 _aMAIN |
||
| 041 | _aEnglish | ||
| 082 | _a332.710954 C393M | ||
| 100 | _aChaudhury, Suman Kalyan | ||
| 245 | 0 | _aMicrofinance and inclusive growth In India | |
| 260 |
_aNew Delhi _bSSDN Publishers _c2014 |
||
| 300 | _a268 p. | ||
| 500 | _a2786 21/07/2017 RBP17/66742 21/07/2017 IMSAR (Dev. & Research) | ||
| 942 | _cBK | ||
| 999 |
_c23255 _d23255 |
||